History of education in Washington, (Record no. 21428)

MARC details
000 -LEADER
fixed length control field 00966cam a22002651 4500
001 - CONTROL NUMBER
control field e 35000158
003 - CONTROL NUMBER IDENTIFIER
control field DLC
005 - DATE AND TIME OF LATEST TRANSACTION
control field 20260227111225.0
008 - FIXED-LENGTH DATA ELEMENTS--GENERAL INFORMATION
fixed length control field 790419s1935 wau b 000 0 eng
010 ## - LIBRARY OF CONGRESS CONTROL NUMBER
LC control number e 35000158
035 ## - SYSTEM CONTROL NUMBER
System control number (OCoLC)4876417
040 ## - CATALOGING SOURCE
Original cataloging agency DLC
Transcribing agency CCC
Modifying agency OCoLC
-- DLC
042 ## - AUTHENTICATION CODE
Authentication code premarc
050 00 - LIBRARY OF CONGRESS CALL NUMBER
Classification number L111
Item number .A6 1934, no. 9
051 ## - LIBRARY OF CONGRESS COPY, ISSUE, OFFPRINT STATEMENT
Classification number LA382
Item number .B57
100 1# - MAIN ENTRY--PERSONAL NAME
Personal name Bolton, Frederick Elmer,
Dates associated with a name 1866-
245 00 - TITLE STATEMENT
Title History of education in Washington,
Statement of responsibility, etc. by Frederick E. Bolton and Thomas W. Bibb.
260 ## - PUBLICATION, DISTRIBUTION, ETC.
Place of publication, distribution, etc. Washington,
Name of publisher, distributor, etc. U.S. Govt. Print. Off.
Date of publication, distribution, etc. 1935.
300 ## - PHYSICAL DESCRIPTION
Extent xxi, 448 p.
Dimensions 23 cm.
490 0# - SERIES STATEMENT
Series statement U. S. Office of Education. Bulletin, 1934,
Volume/sequential designation no. 9
500 ## - GENERAL NOTE
General note At head of title: United States Department of the Interior, Harold L. Ickes. Office of Education, George F. Zook, commissioner.
504 ## - BIBLIOGRAPHY, ETC. NOTE
Bibliography, etc. note "Selected bibliography": p. 435-439.
650 #0 - SUBJECT ADDED ENTRY--TOPICAL TERM
Topical term or geographic name entry element Education
Geographic subdivision Washington (State)
700 1# - ADDED ENTRY--PERSONAL NAME
Personal name Bibb, Thomas William,
Relator term joint author.

No items available.

Powered by Koha